Villes de l'histoire de France - Statistiques

Statistiques générales
  • Ce quiz a été pris 33 536 fois
  • Le résultat moyen est 12 sur 22
Statistiques - réponses
Hint Réponse % Correct
VIlle où sont sacrés les rois de France Reims
84%
Un édit y a été signé, mettant fin aux guerres de religion Nantes
83%
Capitale de l'Etat français sous l'Occupation Vichy
83%
Jeanne d'Arc la libéra Orléans
81%
Bataille emblématique de la 1ère guerre mondiale Verdun
77%
Vile où fut signé le traité mettant fin à cette guerre Versailles
77%
Capitale des Gaules Lyon
75%
Charles Martel y arrêta une armée omeyyade en 732 Poitiers
65%
Jeanne d'Arc y brûla Rouen
64%
Ville d'eaux où ont été signés les accords mettant fin à la guerre d'Algérie Evian
62%
Ville où s'est réfugié le gouvernement français pendant la guerre de 1870, ainsi qu'en 1940 Bordeaux
56%
Grande ville rattachée à la France en 1860 Nice
53%
Les serments liant entre eux deux des petits-fils de Charlemagne contre le troisième, prononcés dans cette ville, constituent le texte fondateur de la langue française. Strasbourg
50%
Ville où ils sont enterrés Saint-Denis
46%
Village où a été rattrapé Louis XVI en fuite Varennes
45%
La flotte française y a été sabordée en 1942 Toulon
39%
Ville où fut signé l'armistice de 1918 Compiègne
26%
Jeanne d'Arc y naquit Domrémy
24%
Ses bourgeois y ont passé un mauvais quart d'heure Calais
22%
Le Duc de Guise a été assassiné dans le château de cette ville, relançant les guerres de religion Blois
19%
Victoire révolutionnaire qui permit l'avènement de la 1ère république Valmy
18%
François 1er y a édicté l'ordre d'utiliser la langue française dans les documents administratifs Villers-Côtterets
15%
Aucun quiz correspondant
Distribution des résultats
% des personnes avec chaque résultat
Percentile par nombre de réponses
Votre historique - résultats
Vous n’avez pas pris ce quiz